[Event "Havana City-ch"]
[Site "Havana"]
[Date "2009.12.20"]
[Round "8"]
[White "Silva Mazorra, Pedro Pablo"]
[Black "Martin Rosabal, Jorge Carlos"]
[Result "1/2-1/2"]
[WhiteElo "1983"]
[BlackElo "2157"]
[PlyCount "37"]
[EventDate "2009.12.13"]
[EventType "swiss"]
[EventRounds "9"]
[EventCountry "CUB"]
[SourceTitle "CBM 134 Extra"]
[Source "ChessBase"]
[SourceDate "2010.03.03"]
[SourceVersion "1"]
[SourceVersionDate "2010.03.03"]
[SourceQuality "1"]

1. c4 Nf6 2. Nc3 e5 3. d3 Bc5 4. Nf3 d6 5. g3 0-0 6. Bg2 Nc6 7. 0-0 h6 8. a3 a5 9. Bd2 Be6 10. h3 Qd7 11. Kh2 Ne7 12. Rb1 Ng6 13. b4 axb4 14. axb4 Bb6 15. b5 Ra3 16. Qc2 Rfa8 17. Rb3 Rxb3 18. Qxb3 Bc5 19. Na4 1/2-1/2

[Event "Havana City-ch"]
[Site "Havana"]
[Date "2009.12.15"]
[Round "3"]
[White "Lopez Gonzalez, Abel Fabian"]
[Black "Silva Mazorra, Pedro Pablo"]
[Result "0-1"]
[WhiteElo "1978"]
[BlackElo "1983"]
[PlyCount "80"]
[EventDate "2009.12.13"]
[EventType "swiss"]
[EventRounds "9"]
[EventCountry "CUB"]
[SourceTitle "CBM 134 Extra"]
[Source "ChessBase"]
[SourceDate "2010.03.03"]
[SourceVersion "1"]
[SourceVersionDate "2010.03.03"]
[SourceQuality "1"]

1. e4 c5 2. Nc3 e6 3. g3 Nc6 4. Bg2 Nf6 5. d3 Be7 6. f4 d6 7. h3 Qc7 8. Be3 a6 9. Nf3 0-0 10. 0-0 Rb8 11. Qd2 b5 12. g4 b4 13. Ne2 Nd7 14. f5 Nde5 15. g5 Nxf3+ 16. Rxf3 exf5 17. exf5 Ne5 18. Rf2 g6 19. f6 Bd8 20. Rf4 Bb7 21. Raf1 Bxg2 22. Kxg2 Qc6+ 23. Kh2 h5 24. Qe1 Bc7 25. Qh4 d5 26. Ng3 d4 27. Bd2 Rbe8 28. Re4 Nc4 29. Bf4 Ne3 30. Rf2 Rxe4 31. dxe4 Re8 32. e5 Bxe5 33. Bxe5 Rxe5 34. Qf4 Qe6 35. a3 a5 36. axb4 axb4 37. b3 Nd5 38. Qd2 Re3 39. Nf5 Qe5+ 40. Kg1 gxf5 0-1